|
|
|
|
| LEADER |
02564nam a22004815i 4500 |
| 001 |
978-3-319-43626-5 |
| 003 |
DE-He213 |
| 005 |
20171007141024.0 |
| 007 |
cr nn 008mamaa |
| 008 |
160930s2017 gw | s |||| 0|eng d |
| 020 |
|
|
|a 9783319436265
|9 978-3-319-43626-5
|
| 024 |
7 |
|
|a 10.1007/978-3-319-43626-5
|2 doi
|
| 040 |
|
|
|d GrThAP
|
| 050 |
|
4 |
|a QC174.45-174.52
|
| 072 |
|
7 |
|a PHS
|2 bicssc
|
| 072 |
|
7 |
|a SCI057000
|2 bisacsh
|
| 082 |
0 |
4 |
|a 530.14
|2 23
|
| 100 |
1 |
|
|a Rychkov, Slava.
|e author.
|
| 245 |
1 |
0 |
|a EPFL Lectures on Conformal Field Theory in D ≥ 3 Dimensions
|h [electronic resource] /
|c by Slava Rychkov.
|
| 264 |
|
1 |
|a Cham :
|b Springer International Publishing :
|b Imprint: Springer,
|c 2017.
|
| 300 |
|
|
|a XII, 72 p. 14 illus., 12 illus. in color.
|b online resource.
|
| 336 |
|
|
|a text
|b txt
|2 rdacontent
|
| 337 |
|
|
|a computer
|b c
|2 rdamedia
|
| 338 |
|
|
|a online resource
|b cr
|2 rdacarrier
|
| 347 |
|
|
|a text file
|b PDF
|2 rda
|
| 490 |
1 |
|
|a SpringerBriefs in Physics,
|x 2191-5423
|
| 520 |
|
|
|a This primer develops Conformal Field Theory (CFT) from scratch, whereby CFT is viewed as any conformally-invariant theory that describes a fixed point of a renormalization group flow in quantum field theory. The book is divided into four lectures: Lecture 1 addresses the physical foundations of conformal invariance, while Lecture 2 examines the constraints imposed by conformal symmetry on the correlation functions of local operators, presented using the so-called projective null cone – a procedure also known as the embedding formalism. In turn, Lecture 3 focuses on the radial quantization and the operator product expansion, while Lecture 4 offers a very brief introduction to the conformal bootstrap. Derived from course-based notes, these lectures are intended as a first point of entry to this topic for Master and PhD students alike.
|
| 650 |
|
0 |
|a Physics.
|
| 650 |
|
0 |
|a Mathematical physics.
|
| 650 |
|
0 |
|a Quantum field theory.
|
| 650 |
|
0 |
|a String theory.
|
| 650 |
|
0 |
|a Elementary particles (Physics).
|
| 650 |
1 |
4 |
|a Physics.
|
| 650 |
2 |
4 |
|a Quantum Field Theories, String Theory.
|
| 650 |
2 |
4 |
|a Elementary Particles, Quantum Field Theory.
|
| 650 |
2 |
4 |
|a Mathematical Applications in the Physical Sciences.
|
| 710 |
2 |
|
|a SpringerLink (Online service)
|
| 773 |
0 |
|
|t Springer eBooks
|
| 776 |
0 |
8 |
|i Printed edition:
|z 9783319436258
|
| 830 |
|
0 |
|a SpringerBriefs in Physics,
|x 2191-5423
|
| 856 |
4 |
0 |
|u http://dx.doi.org/10.1007/978-3-319-43626-5
|z Full Text via HEAL-Link
|
| 912 |
|
|
|a ZDB-2-PHA
|
| 950 |
|
|
|a Physics and Astronomy (Springer-11651)
|